| 000 | 00985nam0a22002411i 4500 | ||
|---|---|---|---|
| 001 | rc\934472 | ||
| 005 | 20240726024407.0 | ||
| 035 | _a(NLR Aleph) 006107411 | ||
| 090 |
_a5322689 _c5322689 |
||
| 100 | _a20041129d1982 u |0rusy50 ca | ||
| 101 | 0 | _arus | |
| 102 | _aRU | ||
| 105 | _ay ||||||||| | ||
| 200 | 1 |
_aПроблемы учета и контроля в укреплении хозяйственного расчета _e(На материалах гос. рознич. торговли СССР) _eАвтореф. дис. на соиск. учен. степ. д-ра экон. наук _e(08.00.12) |
|
| 210 |
_aМ. _d1982 |
||
| 215 | _a43 с. | ||
| 300 | _aВ надзаг.: Моск. ин-т нар. хоз-ва им. Г.В. Плеханова | ||
| 320 | _aБиблиогр.: с. 35-43 (89 назв.) | ||
| 700 | 1 |
_aШпиг _bА.А. _gАлександр Андреевич |
|
| 801 | 0 |
_aRU _bNLR _gpsbo |
|
| 801 | 1 |
_aRU _bELAR _2rusmarc |
|
| 852 |
_aNLR _j84-4/16274 |
||
| 942 | _cBOOK | ||